000 00703nam a2200241Ia 4500
003 OSt
005 20220923215535.0
006 a|||||r|||| 00| 0
007 ta
008 220922b |||||||| |||| 00| 0 hin d
024 _a179,602
037 _cTextual
040 _aARTS
_cARTS
_bhin
041 _2hin
_ahin
082 _aO152,1J32:g, H6
100 _aभटनागर, रामरतन
245 0 _aतुलसीदास
246 _aTulasīdāsa
260 _aइलाहाबाद
_b किताब महल
_c1946
300 _a263 पृ.
_ccm.
942 _hO152,1J32:g, H6
_cTEXL
_2CC
999 _c332983
_d332983